Animais nas cédulas do Real brasileiro - Statistics

Estatísticas Gerais
  • Esse quiz foi jogado 487 vezes
  • A pontuação média é 4 de 6
Estatísticas das Respostas
Cédula Animal % Correto
R$ 50 Onça-Pintada
92%
R$ 20 Mico-Leão-Dourado
89%
R$ 10 Arara
76%
R$ 2 Tartaruga-Marinha
69%
R$ 5 Garça
62%
R$ 100 Garoupa
49%
Nenhum quiz correspondente encontrado
Distribuição das Pontuações
Porcentagem de Pessoas com Cada Pontuação
Percentil de Números Respondidos
Sua Pontuação Histórica
Você não jogou esse quiz